000 01211aam a2200337 i 4500
001 768714001
003 CO-MdFUSB
005 20250121163520.0
007 ta
008 200916t2006 ger |||| |||| 00| 0 eng d
020 _a3438052806
040 _bspa.
_aCO-MdFUSB
_cCO-MdFUSB
_dCO-MdFUSBC
_erda
041 _aeng
_hheb
082 0 4 _223
_aR 220.44
_bB58236v
245 1 0 _aBiblia Hebraica Quinta :
_bEzra and Nehemiah
_c/ Preparada por David Marcus
264 1 _aGermany :
_bDeutsche Bibelgesellschaft,
_c[2006]
264 4 _c© 2006
300 _aXXXI, 49 páginas.
_c; 24 cm
336 _2rdacontent
_atexto
_btxt
337 _2rdamedia
_asin mediación
_bn
338 _2rdacarrier
_avolumen
_bnc
505 0 0 _aPrefacio - Siglas, Símbolos y Abreviaciones - Definiciones de términos usados - Glosario de términos comunes en el Masorah Parva - Tabla de acentos - El texto de Esdras y Nehemías - Introducción y comentarios en Esdras y Nehemías.
563 _aRústico
630 0 7 _aBiblia.
_pEsdras
630 0 7 _aBiblia.
_pNehemías
630 0 7 _aBiblia.
_pAntiguo Testamento
700 _94826
_aMarcus, David
_eeditor
942 _cREF
945 _aJTF-925
999 _c44640
_d44640